000
003210000a22001450004500
003
MACL
040
_a
MACL
090
_c
33726
_d
33724
100
_a
Jain, Dr Madhulika
245
_a
"o" level Made Simple
260
_b
BP B Publications
_c
2001
350
_a
180
650
_a
Computer probraming
942
_c
BOOK
_k
005/Jai
999
_c
33375
_d
33375